000
00301nam a22001337a 4500
008
171009b xxu||||| |||| 00| 0 eng d
020
_a
9780471558767
041
_a
eng
080
_2
2ND
_a
159.9
100
_a
49
101
_a
PSI
245
_a
THE INVESTOR'S QUOTIENT
_c
BERNSTEIN,J
942
_2
udc
_c
BK
999
_c
32534
_d
32534